000 01664nam a2200325 c 4500
999 _c139279
_d139279
003 BLK
005 20240410143914.0
008 180409b bul|||||r ||||||| ||bul||
010 _aKNG00145301000
040 _aBLK
041 _aBUL
_cBUL
080 _aБългарска литература
_b821.163.2
_x-93-34
_z821.163.2-93-34
100 _aДобрев, Димитър
_gПоет, писател, преводач от руски език. Основател и издател на вестник "Светлоструй"
_d1904-1985
_qДимитров, Димитър Добрев
_9364701
139 _aДобрев, Димитър
_bД 66
245 1 0 _aДрагушка и лъжливата коза
_bПриказка
_cДимитър Добрев; * Димитър Добрев Димитров; карт. нарис. Мана Парпулова.
257 _aBGR
260 _bМ-во на нар. просв.
_c1965
300 _a16 с.
_bс ил.
_c18 см
380 _aDX
490 _aБиблиотека Славейче
_vГ. VIII, 7
_9204954
500 _aПълното име на авт. е Димитър Добрев Димитров. - Кор. опис. - Изд. на Съюз на бълг. писатели; М-во на нар. просвета. - 90 000 тир.
700 1 _aПарпулова, Мана
_eкарт. нарис.
_9376686
852 _aЦб І 34707
856 4 _qpdf
_i0.00
_ldisable
856 4 _qpdf
_i0.00
_ldisable
942 _cKNG
_n0
_s1
_01
944 _aCR
_c09.07.2013
_lВаля Йорданова
_k30558
944 _aED
_c09.07.2013
_l09.07.2013 - от С1,Р / 09.07.2013
999 _d139279